| 000 | 00467nam a2200169Ia 4500 | ||
|---|---|---|---|
| 003 | GCL | ||
| 008 | 140319s9999 xx 000 0 eng d | ||
| 040 |
_aGCL / _cGCL |
||
| 082 | 0 | 4 |
_a791.436 _bB C |
| 100 | 1 | _aBOUINEAU, JEAN MARC | |
| 245 | 1 | 0 |
_aLES 100 CHEFS-D'OEUVRE DU FILM FILM FANTASTQUE / _cBOUINEAU, JEAN MARC |
| 260 |
_a[S.N] : _bMARABOUT UNIVERSITE ، _c1989 |
||
| 490 |
_aMARABOUT _v0 |
||
| 650 | 0 | 4 | _aFILMS |
| 650 | 0 | 4 | _aFANTASTQUE FILMS |
| 942 |
_2ddc _cBK |
||
| 999 |
_c23433 _d23433 |
||